Új offenzíva készül Szerbia ellen Höfer altábornagy

Elmentve itt :
Bibliográfiai részletek
Dokumentumtípus: Cikk
Megjelent: 1914-12-21
Sorozat:Délmagyarország 3 No. 329
Kulcsszavak:Világháború 1., Szerbia
Online Access:http://dmarchiv.bibl.u-szeged.hu/56967
LEADER 00442nab a2200145 i 4500
001 delm56967
005 20180927144642.0
008 180927s1914 hu o 0|| hun d
040 |a SZTE Délmagyarország Archívum  |b hun 
041 |a hun 
245 0 0 |a Új offenzíva készül Szerbia ellen   |h [elektronikus dokumentum] :  |b Höfer altábornagy 
260 |c 1914-12-21 
300 |a 1 
490 0 |a Délmagyarország  |v 3 No. 329 
695 |a Világháború 1., Szerbia